000 01101nac a22003257a 4500
001 BR7805104
003 BR-BrBNA
005 20240105114257.0
008 230509b bl.|||m| |||| 00| 0 por d
040 _aBR-BrBNA
_bpor
_cBiblioteca Nacional de Agricultura
072 _aE70
090 _a0336 BR7805104
110 1 _aEmpresa Brasileira de Pesquisa Agropecuaria, Brasilia, DF. Depto. de Difusao de Tecnologia
_93869
245 1 _aCotacoes do mercado e demais indicadores economicos: soja, setembro 1978 [Glycine max; Comercializacao; Preco; Farelo; Exportacao; Oleo; Brasil]
_bInforme especial
260 3 _aBrasilia, DF (Brasil):
_c1978.
300 _a22 p.
490 _aSerie Economia - Empresa Brasileira de Pesquisa Agropecuaria (Brazil)
_vno. 1
_x
500 _a7 tables
650 _aComercializacao
650 _aSoja
650 _aFarelo
650 _aOleo
650 _aMercado
650 _aPreco
650 _aExportacao
650 _aMercado internacional
650 _aMercado nacional
909 _a202312
_bLúcia Elande
_c55
_dLúcia Elande
942 _2AGRIS
_n0
_cMS
999 _c268415
_d268415